000 00278nam a22001337a 4500
020 _a0-7214-0896-6
082 _a823
_bGRA/T
100 _aGRANT, JOHN
245 _aTHE TRANSFORMERS
260 _aUK
_bLADYBIRD
300 _a42
650 _aENGLISH SHORT STORY
_zUK
942 _cBK
999 _c4449
_d4449